|
|
|
|
| LEADER |
01081pam a22002658a 4500 |
| 001 |
00032962 |
| 005 |
20171026081025.0 |
| 008 |
141229s2012 ||||||engsd |
| 020 |
# |
# |
|a 9780521156943
|c 342000
|
| 041 |
0 |
# |
|a eng
|
| 082 |
1 |
4 |
|a 428
|b C104F
|
| 110 |
1 |
# |
|a University of Cambridge
|
| 245 |
1 |
0 |
|a Cambridge First Certificate in English 4 with answers
|b Official examination papers from University of Cambridge ESOL examinations
|
| 260 |
# |
# |
|a New York
|b Cambridge university Press
|c 2012
|
| 300 |
# |
# |
|a 175 p.
|b ill.
|c 25 cm.
|
| 653 |
# |
# |
|a Cambridge
|
| 653 |
# |
# |
|a Tiếng Anh
|
| 653 |
# |
# |
|a Luyện thi
|
| 852 |
# |
# |
|b Kho giáo trình
|j KGT.0048599, KGT.0048600, KGT.0048601, KGT.0048602, KGT.0048603, KGT.0048604, KGT.0048605, KGT.0048606
|
| 852 |
# |
# |
|b Kho mượn
|j KGT.0048599
|
| 852 |
# |
# |
|b Kho đọc
|j KD.0016489
|
| 852 |
# |
# |
|j KGT.0048605
|j KGT.0048601
|j KGT.0048602
|j KGT.0048604
|j KD.0016489
|j KGT.0048599
|j KGT.0048600
|j KGT.0048603
|j KGT.0048606
|
| 910 |
|
|
|d 29/12/2014
|
| 980 |
# |
# |
|a Trung tâm Học liệu Lê Vũ Hùng, Trường Đại học Đồng Tháp
|